High-performing self-managed work teams (Record no. 483113)

MARC details
000 -LEADER
fixed length control field 01654cam a2200349 a 4500
001 - CONTROL NUMBER
control field EDZ0000159504
003 - CONTROL NUMBER IDENTIFIER
control field StDuBDS
005 - DATE AND TIME OF LATEST TRANSACTION
control field 20161031105252.0
006 - FIXED-LENGTH DATA ELEMENTS--ADDITIONAL MATERIAL CHARACTERISTICS--GENERAL INFORMATION
fixed length control field m||||||||d||||||||
007 - PHYSICAL DESCRIPTION FIXED FIELD--GENERAL INFORMATION
fixed length control field cr |||||||||||
008 - FIXED-LENGTH DATA ELEMENTS--GENERAL INFORMATION
fixed length control field 130912s1998 caua fo| 001|0|eng d
020 ## - INTERNATIONAL STANDARD BOOK NUMBER
International Standard Book Number 9781483328218 (ebook) :
Terms of availability No price
040 ## - CATALOGING SOURCE
Original cataloging agency StDuBDS
Language of cataloging eng
Transcribing agency StDuBDS
Description conventions pn
049 ## - LOCAL HOLDINGS (OCLC)
Holding library Alfaisal Main Library
050 #0 - LIBRARY OF CONGRESS CALL NUMBER
Classification number HD66
Item number .Y43 1998
082 04 - DEWEY DECIMAL CLASSIFICATION NUMBER
Classification number 658.4036
Edition number 23
100 1# - MAIN ENTRY--PERSONAL NAME
Personal name Yeatts, Dale E.,
Dates associated with a name 1952-
245 10 - TITLE STATEMENT
Title High-performing self-managed work teams
Medium [electronic resource] :
Remainder of title a comparison of theory to practice /
Statement of responsibility, etc Dale E. Yeatts, Cloyd Hyten.
260 ## - PUBLICATION, DISTRIBUTION, ETC. (IMPRINT)
Place of publication, distribution, etc Thousand Oaks, Calif. :
Name of publisher, distributor, etc SAGE,
Date of publication, distribution, etc 1998.
300 ## - PHYSICAL DESCRIPTION
Extent 1 online resource (xvii, 379 p.) :
Other physical details ill.
504 ## - BIBLIOGRAPHY, ETC. NOTE
Bibliography, etc Includes bibliographical references and index.
520 8# - SUMMARY, ETC.
Summary, etc Since the mid-1970s, pressure from international competition has forced business in the United States to look for better ways to achieve and maintain a competitive position. One popular tool is the self-managed work-team (SMWT). This book provides a thorough examination of SMWT both at the level of theory and at the practical level of when to use work teams to find solutions and how to develop successful teams.
521 ## - TARGET AUDIENCE NOTE
Target audience note Specialized.
588 ## -
-- Description based on print version record.
650 #0 - SUBJECT ADDED ENTRY--TOPICAL TERM
Topical term or geographic name as entry element Self-directed work teams.
655 #7 - INDEX TERM--GENRE/FORM
Genre/form data or focus term Electronic books.
Source of term local
700 1# - ADDED ENTRY--PERSONAL NAME
Personal name Hyten, Cloyd.
710 2# - ADDED ENTRY--CORPORATE NAME
Corporate name or jurisdiction name as entry element Sage eBooks
776 08 - ADDITIONAL PHYSICAL FORM ENTRY
Display text Print version :
International Standard Book Number 9780761904694
856 40 - ELECTRONIC LOCATION AND ACCESS
Uniform Resource Identifier <a href="http://ezproxy.alfaisal.edu/login?url=http://sk.sagepub.com/books/high-performing-self-managed-work-teams">http://ezproxy.alfaisal.edu/login?url=http://sk.sagepub.com/books/high-performing-self-managed-work-teams</a>
942 ## - ADDED ENTRY ELEMENTS (KOHA)
Source of classification or shelving scheme Library of Congress Classification
Koha item type eBooks

No items available.

Copyright © 2020 Alfaisal University Library. All Rights Reserved.
Tel: +966 11 2158948 Fax: +966 11 2157910 Email:
librarian@alfaisal.edu